Diseño sistematizado y construcción de herramental y mapas primarios de la microtextura palmar de la Lithobates vibicarius y la Agalychnis spurrelli
Guardat en:
| Autor principal: | |
|---|---|
| Altres autors: | |
| Format: | Llibre |
| Idioma: | Spanish |
| Publicat: |
[San José, Costa Rica]
2020.
|
| Matèries: | |
| Etiquetes: |
Afegir etiqueta
Sense etiquetes, Sigues el primer a etiquetar aquest registre!
|
MARC
| LEADER | 00000nam a2200000Ia 4500 | ||
|---|---|---|---|
| 003 | 013262 | ||
| 005 | 20230317134415.0 | ||
| 008 | 140114s2020 cr a 000 ||spa d | ||
| 040 | |c cru CEDI | ||
| 100 | |a Flores Fournier, María Isabel, 1995- |9 288 | ||
| 245 | |a Diseño sistematizado y construcción de herramental y mapas primarios de la microtextura palmar de la Lithobates vibicarius y la Agalychnis spurrelli | ||
| 260 | |a [San José, Costa Rica] |c 2020. | ||
| 500 | |a Tesis (licenciatura en ingeniería mecánica)--Universidad de Costa Rica. Facultad de Ingeniería. Escuela de Ingeniería Mecánica | ||
| 501 | |a Directora de Tesis de Graduación: Dra. Hennia Cavallini Solano | ||
| 650 | |x MATERIALES BIOMEDICOS |x PROPIEDADES MECANICAS |x ADHERENCIA |x IMPRESION TRIDIMENSIONAL - APARATOS Y ACCESORIOS |x TRIBOLOGIA |x CIENCIA DE LOS MATERIALES |x FISIOLOGIA CELULAR |x RANAS |x MICROESTRUCTURA | ||
| 700 | |9 8 |a Cavallini Solano, Hennia, 1964- |d Directora del TFG | ||
| 942 | |c CEDI | ||
| 999 | |c 12946 |d 12946 | ||
